000 00547nam a2200205Ia 4500
003 OSt
005 20260105095736.0
008 008 250505s9999 xx 000 0 eng d
037 _aTextbook
040 _aFEDL
_beng
_cFEDL
041 _aeng
_2eng
082 _a158, CAR
100 _aCarroll Herbert A
_9861621
245 0 _aMental hygiene : The dynamics of adjustment
250 _a4th
260 _aEnglewood Cliffs
_b Prentice-Hall
_c1947
300 _a408p.
942 _cTB
_h158, CAR
_2ddc
_n0
999 _c1350496
_d1350496